Poradne pomáhajú obetiam trestných činov

Bibliographic Details
Main Authors: Rešovská, Ľudmila (Author, Interviewer), Šipošová, Jana (Author)
Format: Article
Language:Slovak
PhysicalDescription:Fotogr.
Subjects:

MARC

LEADER 00000cab a2200000 ar4500
001 vtls008427597
003 SK-MaSNL
005 20260303070003.0
008 060202c2005 xo wr|p|||||||000 b|slo
038 |a PPPK 
040 |a PPPKCL  |b slo  |c PPPKCL  |e AACR2 
041 |a slo 
044 |a xo  |c SK 
080 |a 343.6  |2 1997 
080 |a 364.442.2  |2 1997 
080 |a 061.66  |2 1997 
100 1 |a Rešovská, Ľudmila  |4 ivr  |4 aut  |9 274835 
245 1 0 |a Poradne pomáhajú obetiam trestných činov  |c Ľ. Rešovská, PhDr. Jana Šípošová, CSc. 
300 |b Fotogr. 
610 2 7 |a Pomoc obetiam násilia (občianske zdruěnie : Poprad, Slovensko)  |2 pppkcl  |9 1066791 
650 0 7 |a násilie  |2 pppkcl  |9 4763 
650 0 7 |a obete násilia  |2 pppkcl  |9 1066792 
650 0 7 |a Pomoc obetiam  |2 pppkcl  |9 270518 
650 0 7 |a poradne  |2 pppkcl  |9 315622 
651 7 |a Poprad (Slovensko)  |2 pppkcl  |9 20155 
700 1 |a Šipošová, Jana  |4 ive  |4 aut  |9 810832 
773 0 |t Podtatranské noviny  |g Roč. XLVI, č. 44 (2005), s. 9 
852 |a PPPK  |b KIS3GCP 
999 |c 1753525  |d 1755455